Shabe Tanhi / (Record no. 36982)

MARC details
000 -LEADER
fixed length control field 00408nam a22001577a 4500
005 - DATE AND TIME OF LATEST TRANSACTION
control field 20250715094031.0
008 - FIXED-LENGTH DATA ELEMENTS--GENERAL INFORMATION
fixed length control field 250715b |||||||| |||| 00| 0 eng d
082 ## - DEWEY DECIMAL CLASSIFICATION NUMBER
Classification number 005.8
Item number ASH-S
100 ## - MAIN ENTRY--AUTHOR
Author Name Muhammad Ashraf Jadon
245 ## - TITLE STATEMENT
Title Shabe Tanhi /
260 ## - PUBLICATION, DISTRIBUTION, ETC.
Place of Publication Pakistan :
Name of publisher, distributor, etc. Iqra Center Lahore;
Date of publication, distribution, etc. 2012.
300 ## - PHYSICAL DESCRIPTION
Pages 207 p. :
500 ## - GENERAL NOTE
General note include index.
650 ## - SUBJECT ADDED ENTRY--TOPICAL TERM
Subject / Department Urdu Litreature
300 ## - PHYSICAL DESCRIPTION
-- 15 cm.
952 ## - LOCATION AND ITEM INFORMATION (KOHA)
-- 0
-- 0
952 ## - LOCATION AND ITEM INFORMATION (KOHA)
-- 0
-- 0
Holdings
Lost status Damaged status Collection code Permanent Location Current Location Shelving Location Date acquired Full Call Number Accession No./Barcode Date last seen Copy number item type Koha item type
    CS/IT Superior Information Resource Center (SIRC) Superior University- Gold Campus Superior Information Resource Center (SIRC) Superior University- Gold Campus Urdu Litreature 07/15/2025 891.2 ASH-S 2020 30340 07/15/2025 1 BOOK BOOK
    CS/IT Superior Information Resource Center (SIRC) Superior University- Gold Campus Superior Information Resource Center (SIRC) Superior University- Gold Campus Urdu Litreature 09/02/2025 891.2 ASH-S 2020 30385 09/02/2025 2 BOOK BOOK

Powered by Koha